000
00342nam a2200157Ia 4500
100
_a
Rao/Bhishma/G.S.S
650
_a
Probability
250
_a
4
942
_c
BK
366
_f
25
245
_a
Probability and statistics for Engineers
260
_b
Sci tech
_c
2002
082
_a
519.2
_b
RAO
546
_a
ENGLISH
_c
Info.Tech
999
_c
32537
_d
32537